Civil society in civil war : (Record no. 1312)
[ view plain ]
| 000 -LEADER | |
|---|---|
| fixed length control field | 00527nam a2200193Ia 4500 |
| 005 - DATE AND TIME OF LATEST TRANSACTION | |
| control field | 20240729030751.0 |
| 008 - FIXED-LENGTH DATA ELEMENTS--GENERAL INFORMATION | |
| fixed length control field | 240331s9999 xx 000 0 und d |
| 020 ## - INTERNATIONAL STANDARD BOOK NUMBER | |
| ISBN | 9187380625 |
| 082 ## - DDC Classification | |
| Item Number - Author Mark | ORJ |
| Class No. | 303.64 |
| 100 ## - MAIN ENTRY--PERSONAL NAME | |
| Personal name | Orjuela,C |
| 245 #0 - TITLE STATEMENT | |
| Title | Civil society in civil war : |
| Remainder of title | peace work and identity politics in Sri Lanka |
| 250 ## - EDITION STATEMENT | |
| Edition statement | 2nd edition |
| 260 ## - PUBLICATION, DISTRIBUTION, ETC. | |
| Place of publication, distribution, etc. | Sweden |
| Name of publisher, distributor, etc. | Department of Peace and development Research |
| Date of publication, distribution, etc. | 2005 |
| 300 ## - PHYSICAL DESCRIPTION | |
| Extent (e.g. Volumes, Pages etc.) | 303 p ., |
| 650 ## - SUBJECT ADDED ENTRY--TOPICAL TERM | |
| Topical term or geographic name entry element | Civil |
| 650 ## - SUBJECT ADDED ENTRY--TOPICAL TERM | |
| Topical term or geographic name entry element | Politics |
| 650 ## - SUBJECT ADDED ENTRY--TOPICAL TERM | |
| Topical term or geographic name entry element | Society |
| 942 ## - Koha item type (Biblio) | |
| Koha item type | Books in Stacks (Lending) |
| Lost status | Damaged status | Collection code | Home library | Current library | Shelving location | Date acquired | Full call number | Accession Number | Item type |
|---|---|---|---|---|---|---|---|---|---|
| Lending | WERC Library | WERC Library | Social Science Cupboard | 03/31/2024 | 303.64 ORJ | 1938 | Books in Stacks (Lending) |
